MACEDONIAN NUTS! - Statistics

General Stats
  • This quiz has been taken 41 times
  • The average score is 4 of 16
Answer Stats
Hint Answer % Correct
Finish the quote: Do u wanna know how I got these ----- Macedonian Nuts?
86%
Macedonian Nuts? MACEDONIAN NUTS!
86%
Hruh Yes
61%
NO! YES!
61%
Where r Macedonian Nuts from? Barbados
21%
Where? Barbados
21%
How do u grow them? With seeds
18%
What r Macedonian Nuts? People
14%
When 2020-2021
11%
Why? Just cuz
11%
Who created Macedonian Nuts? Ronald Regan and Denzel Washington
11%
YEET! TEAi
11%
How? Waterflow
11%
Hola amigosi Hello friends!
7%
Does this quiz make any cents to u? It does in my bank!
7%
Who? Lalalalalalalalalalalalalalalalalalalalalalalalalalalala!
7%
No matching quizzes found
Score Distribution
Percent of People with Each Score
Percentile by Number Answered
Your Score History
You have not taken this quiz